UK Cities - Sudden Death - Statistics

General Stats
  • This quiz has been taken 15,035 times
  • The average score is 7 of 50
Answers on the Grid
Answers color-coded by a green-red scale on the quiz's grid according to % correct below.
Aberdeen
Accrington
Antrim
Armagh
Aylesbury
Ayr
Barry
Bath
Belfast
Birmingham
Blackpool
Bolton
Bournemouth
Brighton & Hove
Bristol
Buckingham
Cambridge
Cardiff
Chelmsford
Chichester
Chipping Barnet
Cirencester
Colchester
Doncaster
Dover
Dundee
Dunfermline
Durham
Edinburgh
Elgin
Ely
Exeter
Falkirk
Felixstowe
Glastonbury
Gloucester
Grimsby
Hamilton
Harrogate
Hastings
Haverfordwest
Hereford
Holywood
Inverness
Ipswich
Jarrow
Kidderminster
Kilmarnock
King's Lynn
Kingston upon Hull
Lancaster
Leeds
Letchworth Garden City
Lewes
Lichfield
Livingston
Llanelli
London
Londonderry
Luton
Manchester
Market Bosworth
Middlesbrough
Milton Keynes
Motherwell
Newcastle upon Tyne
Newport
Quedgeley
Nottingham
Nuneaton
Oldham
Omagh
Oxford
Paisley
Perth
Preston
Redditch
Ripon
Royal Leamington Spa
Salisbury
Sandwich
Shrewsbury
Solihull
Southend-on-Sea
St Albans
St Andrews
Stirling
Stoke-on-Trent
Stratford-upon-Avon
Swansea
Truro
Wakefield
Walsall
Wells
Westminster
Wigan
Winchester
Windsor
Wrexham
York
 
Answer Stats
Answer % Correct
Aberdeen
76%
Birmingham
50%
Belfast
42%
Bath
38%
Bristol
30%
Cardiff
23%
Cambridge
22%
Edinburgh
20%
London
19%
Manchester
19%
Leeds
18%
Brighton & Hove
17%
York
17%
Oxford
15%
Newcastle upon Tyne
14%
Dundee
13%
Durham
12%
Exeter
12%
Nottingham
12%
Armagh
11%
Gloucester
11%
Lancaster
11%
Ely
10%
Swansea
10%
Inverness
9%
Londonderry
9%
Winchester
9%
Chelmsford
8%
Chichester
8%
Colchester
8%
Kingston upon Hull
8%
Stoke-on-Trent
8%
Westminster
8%
Doncaster
7%
Salisbury
7%
Hereford
6%
Milton Keynes
6%
Perth
6%
Preston
6%
Truro
6%
Wells
6%
Wrexham
6%
Lichfield
5%
Newport
5%
Ripon
5%
St Albans
5%
Stirling
5%
Wakefield
5%
Dunfermline
4%
Southend-on-Sea
4%
No matching quizzes found
Score Distribution
Percent of People with Each Score
Percentile by Number Answered
Your Score History
You have not taken this quiz